[Event "2nd UzChess Cup Futures"]
[Site "Tashkent UZB"]
[Date "2025.06.19"]
[Round "1"]
[White "Alekseev,Evgeny"]
[Black "Saydaliev,Saidakbar"]
[Result "1/2-1/2"]
[WhiteElo "2520"]
[BlackElo "2450"]
[EventDate "2025.06.18"]

1. e4 e5 2. Nf3 Nc6 3. Bc4 Nf6 4. d3 Bc5 5. c3 O-O 6. O-O d6 7. h3 h6 8.
Bb3 a6 9. Be3 Ba7 10. Nbd2 Re8 11. Bxa7 Rxa7 12. Re1 Be6 13. Ba4 b5 14. Bc2
Ne7 15. d4 Ng6 16. a4 Qb8 17. Bd3 c6 18. Qc2 Bc8 19. dxe5 dxe5 20. c4 Rb7
21. axb5 axb5 22. cxb5 cxb5 23. Rec1 Be6 24. Qc5 Rc8 25. Qe3 Rxc1+ 26. Rxc1
Qd6 27. Bf1 Nd7 28. Nb3 Qb4 29. Nfd2 Ne7 30. Qc3 Qxc3 31. Rxc3 b4 32. Rc1
Nb6 33. Bb5 Ra7 34. Nc5 Rc7 35. Nd3 Rxc1+ 36. Nxc1 Bd7 37. Bxd7 Nxd7 38.
Nd3 Nc6 39. Nc4 f6 40. f3 Nf8 41. Nc5 Nd4 42. Kf2 Nfe6 43. Nxe6 1/2-1/2

[Event "2nd UzChess Cup Futures"]
[Site "Tashkent UZB"]
[Date "2025.06.19"]
[Round "1"]
[White "Begmuratov,Khumoyun"]
[Black "Nigmatov,Ortik"]
[Result "1/2-1/2"]
[WhiteElo "2470"]
[BlackElo "2474"]
[EventDate "2025.06.18"]

1. e4 e5 2. Nf3 Nc6 3. Bc4 Bc5 4. c3 Nf6 5. d3 O-O 6. Bg5 h6 7. Bh4 Be7 8.
Nbd2 d6 9. a4 Nh5 10. Bg3 g6 11. a5 Bf6 12. O-O a6 13. Re1 Nxg3 14. hxg3
Bg7 15. Qb3 Qe7 16. Nf1 Kh7 17. Ne3 h5 18. Nd5 Qd8 19. Ne3 Qe7 20. Qc2 Be6
21. Qb3 Bc8 1/2-1/2

[Event "2nd UzChess Cup Futures"]
[Site "Tashkent UZB"]
[Date "2025.06.19"]
[Round "1"]
[White "Sychev,K"]
[Black "Chatalbashev,B"]
[Result "1/2-1/2"]
[WhiteElo "2513"]
[BlackElo "2489"]
[EventDate "2025.06.18"]

1. e4 c5 2. Nf3 Nc6 3. Bb5 g6 4. O-O Bg7 5. Re1 Nf6 6. Bxc6 dxc6 7. d3 O-O
8. h3 Nd7 9. e5 c4 10. d4 Nb6 11. Nc3 Nd5 12. Ne4 f6 13. Qe2 b5 14. Nc5
fxe5 15. Nxe5 Qd6 16. c3 Bxe5 17. Qxe5 Qxe5 18. Rxe5 a5 19. a3 Rb8 20. Bd2
Rf5 21. Re2 Rf7 22. f3 Bf5 23. Kh2 h5 24. Ne4 Bxe4 25. fxe4 Nb6 26. Bg5 Re8
27. Rd1 e6 28. Kg1 Na4 29. Be3 Rd8 30. Rc1 Rdd7 31. Rcc2 Kg7 1/2-1/2

[Event "2nd UzChess Cup Futures"]
[Site "Tashkent UZB"]
[Date "2025.06.19"]
[Round "1"]
[White "Atabayev,Saparmyrat"]
[Black "Pichot,A"]
[Result "1-0"]
[WhiteElo "2517"]
[BlackElo "2588"]
[EventDate "2025.06.18"]

1. e4 e5 2. Nf3 Nc6 3. Bc4 Bc5 4. c3 Nf6 5. d3 h6 6. O-O d6 7. Nbd2 a5 8.
Re1 O-O 9. Nf1 Be6 10. Bb5 Bb6 11. Ng3 Nh7 12. h3 Ng5 13. Nxg5 hxg5 14. Ba4
g4 15. hxg4 Qh4 16. Be3 Bxg4 17. Qd2 Bxe3 18. Qxe3 Ne7 19. d4 Ng6 20. Nf5
Qf6 21. Bc2 Rfe8 22. Qg3 Bh5 23. f3 Ne7 24. Rad1 Bg6 25. Ne3 Qf4 26. Qh3 d5
27. Ba4 Red8 28. exd5 Nxd5 29. Nxd5 Rxd5 30. Bb3 Rdd8 31. Rxe5 a4 32. Bc4
Qxe5 33. dxe5 Rxd1+ 34. Kh2 Re8 35. Qg4 b5 36. f4 Rd2 37. Bxb5 Rb8 38. Bc6
Rdxb2 39. f5 Bh7 40. e6 R2b6 41. Bd7 fxe6 42. fxe6 a3 43. Qc4 Kh8 44. Qxc7
Bg6 45. c4 1-0

[Event "2nd UzChess Cup Futures"]
[Site "Tashkent UZB"]
[Date "2025.06.19"]
[Round "1"]
[White "Ruck,R1"]
[Black "Abdisalimov,Abdimalik"]
[Result "1/2-1/2"]
[WhiteElo "2515"]
[BlackElo "2490"]
[EventDate "2025.06.18"]

1. Nf3 Nf6 2. g3 b6 3. Bg2 Bb7 4. c4 g6 5. O-O Bg7 6. d4 O-O 7. Qc2 c5 8.
d5 b5 9. e4 bxc4 10. Nfd2 d6 11. Nxc4 Ba6 12. Nbd2 Nbd7 13. Rb1 Nb6 14. b3
Nfd7 15. Bb2 Bxb2 16. Rxb2 Rb8 17. Rfb1 Nxc4 18. bxc4 Rxb2 19. Rxb2 Qa5 20.
Bh3 Nb6 21. f4 Re8 22. Rb3 Qa4 23. Bf1 e6 24. Qc3 Qd7 25. Ra3 Bc8 26. dxe6
fxe6 27. e5 Bb7 28. exd6 Qxd6 29. Nf3 Bxf3 30. Qxf3 Nxc4 31. Bxc4 Qd4+ 32.
Kg2 Qxc4 1/2-1/2

[Event "2nd UzChess Cup Futures"]
[Site "Tashkent UZB"]
[Date "2025.06.20"]
[Round "2"]
[White "Saydaliev,Saidakbar"]
[Black "Abdisalimov,Abdimalik"]
[Result "1/2-1/2"]
[WhiteElo "2450"]
[BlackElo "2490"]
[EventDate "2025.06.18"]

1. c4 Nf6 2. Nc3 c5 3. g3 e6 4. Nf3 b6 5. Bg2 Bb7 6. O-O Be7 7. d4 cxd4 8.
Qxd4 d6 9. Rd1 a6 10. b3 Nbd7 11. Bb2 O-O 12. Ne1 Bxg2 13. Nxg2 Qc7 14. Ne3
Qb7 15. Rab1 b5 16. cxb5 axb5 17. a4 bxa4 18. bxa4 Qa6 19. Nb5 Rfc8 20.
Nxd6 e5 21. Qd2 Bxd6 22. Qxd6 Qxe2 23. Rd2 Qf3 24. Rbd1 Nc5 25. Qe7 Ne6 26.
Nc4 Ng4 27. Nxe5 Nxe5 28. Bxe5 Re8 29. Qd7 Ng5 30. Bf4 Ne4 31. Rc2 Nc3 32.
Rxc3 Qxc3 33. Kg2 Qa5 34. Ra1 Red8 35. Qb7 Qd5+ 36. Qxd5 Rxd5 37. Bc7 Rc5
38. Bb6 Rc6 39. Be3 Rca6 40. h4 Rxa4 41. Rb1 Re4 42. Rb5 Rae8 43. Kf3 R4e5
44. Rb4 f6 45. Ra4 Kf7 46. Rb4 Kg6 47. Rg4+ Kf7 48. Rb4 R8e7 49. Ra4 Rb5
50. Rc4 Reb7 51. Ra4 h5 52. Ra6 Kg6 53. Ra8 Kf5 54. Ra4 Rb4 55. Ra5+ R7b5
56. Ra6 Rg4 57. Ra8 Ke6 58. Ra6+ Kd5 59. Ra7 Ke5 60. Re7+ Kf5 61. Rf7 Re5
62. Rf8 Ke6 63. Ra8 Rc4 64. Ra6+ Kf5 65. Rb6 Rd5 66. Kg2 g5 67. hxg5 fxg5
68. Rh6 h4 69. gxh4 Rg4+ 70. Kf3 Rxh4 71. Ra6 g4+ 72. Kg2 Rh3 73. Ra8 Rd1
74. Ra5+ Kf6 75. Ra6+ Ke5 76. Ra5+ Ke6 77. Ra6+ Kd7 78. Ra7+ 1/2-1/2

[Event "2nd UzChess Cup Futures"]
[Site "Tashkent UZB"]
[Date "2025.06.20"]
[Round "2"]
[White "Pichot,A"]
[Black "Ruck,R1"]
[Result "1-0"]
[WhiteElo "2588"]
[BlackElo "2515"]
[EventDate "2025.06.18"]

1. e4 c6 2. d4 d5 3. e5 Bf5 4. Nc3 h5 5. Be2 e6 6. Nf3 Nd7 7. O-O Be7 8. b3
Nh6 9. Na4 Bg6 10. c4 Nf5 11. c5 b6 12. b4 O-O 13. Bf4 a5 14. a3 axb4 15.
axb4 Qc7 16. Nb2 Ra7 17. Nd3 Rfa8 18. Rxa7 Rxa7 19. Qc1 Ra2 20. Re1 b5 21.
Bd2 Bh7 22. Nf4 h4 23. Bd3 Qa7 24. Qb1 Nf8 25. Ne2 Bg6 26. Nc1 Ra1 27. Qb2
Bh5 28. Bc3 Ra6 29. Nd2 Bg6 30. Ndb3 f6 31. Ne2 Ra2 32. Qb1 Ra3 33. Na5 Qd7
34. Qb2 Ra4 35. Bc2 fxe5 36. Bxa4 exd4 37. Nxd4 Nxd4 38. Bxd4 bxa4 39. Bxg7
a3 40. Qa1 h3 41. Be5 hxg2 42. Qxa3 Bf5 43. b5 cxb5 44. Qg3+ Ng6 45. c6 Qc8
46. c7 Bh4 47. Qe3 Kf7 1-0

[Event "2nd UzChess Cup Futures"]
[Site "Tashkent UZB"]
[Date "2025.06.20"]
[Round "2"]
[White "Chatalbashev,B"]
[Black "Atabayev,Saparmyrat"]
[Result "0-1"]
[WhiteElo "2489"]
[BlackElo "2517"]
[EventDate "2025.06.18"]

1. d4 Nf6 2. c4 e6 3. Nc3 Bb4 4. Nf3 b6 5. Bg5 h6 6. Bh4 Bb7 7. e3 g5 8.
Bg3 Ne4 9. Qc2 d6 10. Bd3 Bxc3+ 11. bxc3 Nxg3 12. hxg3 Nd7 13. Be4 c6 14.
Nd2 Qc7 15. a4 Nf6 16. a5 Ke7 17. a6 Bc8 18. Bf3 Bd7 19. c5 bxc5 20. dxc5
d5 21. c4 Rab8 22. Qc3 g4 23. Be2 h5 24. Rc1 e5 25. cxd5 cxd5 26. c6 Bf5
27. Qc5+ Ke6 28. O-O Rb2 29. Rfd1 Qb6 30. c7 Qxc5 31. Rxc5 Rc8 32. Bb5 Kd6
33. Rc6+ Ke7 34. Rc5 Rc2 35. Rxc2 Bxc2 36. Rc1 Bf5 37. Rc5 Bd7 38. e4 Bxb5
39. Rxb5 Rxc7 40. exd5 Kd6 41. f3 Rc1+ 42. Kf2 Nxd5 43. Ne4+ Kc6 44. Rb7
Rc2+ 45. Kg1 f5 46. Nf2 Ne3 47. Nd3 Rxg2+ 48. Kh1 Rxg3 49. Nxe5+ Kd5 50.
Rxa7 gxf3 51. Nd3 Ng4 52. Rf7 Ke4 53. a7 Kxd3 54. a8=Q Nf2+ 0-1

[Event "2nd UzChess Cup Futures"]
[Site "Tashkent UZB"]
[Date "2025.06.20"]
[Round "2"]
[White "Nigmatov,Ortik"]
[Black "Sychev,K"]
[Result "1-0"]
[WhiteElo "2474"]
[BlackElo "2513"]
[EventDate "2025.06.18"]

1. e4 e6 2. d4 d5 3. Nc3 Nf6 4. Bg5 dxe4 5. Nxe4 Be7 6. Nxf6+ Bxf6 7. Bxf6
Qxf6 8. Nf3 c5 9. Qd3 Nc6 10. O-O-O cxd4 11. Qe4 O-O 12. Nxd4 Qxf2 13. Nxc6
bxc6 14. Bd3 g6 15. Qe5 c5 16. Rhf1 Qd4 17. Qg3 Qg7 18. Qc7 a5 19. Be4 Ba6
20. Bxa8 Bxf1 21. Bf3 Bc4 22. Qxc5 Bxa2 23. Qxa5 Bd5 24. Bxd5 exd5 25. h3
Rb8 26. c3 Qh6+ 27. Kc2 Qe3 28. Qxd5 Qf2+ 29. Rd2 Qb6 30. b4 Qa7 31. Kb3
Qa1 32. Rd1 Qa7 33. Qe5 Ra8 34. Qa5 Qb8 35. Qg5 Qe8 36. Kb2 Kg7 37. Rd5
Qe2+ 38. Qd2 Qe6 39. Qd4+ f6 40. Rd7+ Kf8 41. Qd6+ Qxd6 42. Rxd6 Ke7 43.
Rd2 1-0

[Event "2nd UzChess Cup Futures"]
[Site "Tashkent UZB"]
[Date "2025.06.20"]
[Round "2"]
[White "Alekseev,Evgeny"]
[Black "Begmuratov,Khumoyun"]
[Result "1-0"]
[WhiteElo "2520"]
[BlackElo "2470"]
[EventDate "2025.06.18"]

1. e4 e5 2. Nf3 Nc6 3. Bc4 Nf6 4. d3 d5 5. exd5 Nxd5 6. h3 Nb6 7. Bb3 h6 8.
Nc3 Bd6 9. a3 O-O 10. Ne4 Re8 11. g4 Be6 12. Bxe6 Rxe6 13. g5 h5 14. Be3
Nd5 15. c3 a5 16. a4 Be7 17. Qe2 Nf4 18. Bxf4 exf4 19. Kf1 Qd5 20. Re1 Rd8
21. d4 Qb3 22. Qb5 Nb4 23. Kg2 c6 24. Qxb7 Qc2 25. cxb4 Bxb4 26. Nc3 Rxe1
27. Rxe1 Qxb2 28. Ne4 Qc2 29. Ned2 Qxa4 30. Qc7 Rf8 31. Qxf4 Qa2 32. Rc1 a4
33. Nc4 a3 34. Qe3 Rd8 35. Nfe5 Bf8 36. Nxc6 Rc8 37. d5 g6 38. Qf3 Rc7 39.
h4 Bc5 40. Qf4 Rd7 41. N6e5 Re7 42. d6 Rxe5 43. Nxe5 Qd5+ 44. Qf3 Qxe5 45.
d7 Be7 46. Rc8+ Kg7 47. d8=Q Bxd8 48. Rxd8 a2 49. Qf6+ 1-0

[Event "2nd UzChess Cup Futures"]
[Site "Tashkent UZB"]
[Date "2025.06.21"]
[Round "3"]
[White "Begmuratov,Khumoyun"]
[Black "Saydaliev,Saidakbar"]
[Result "1-0"]
[WhiteElo "2470"]
[BlackElo "2450"]
[EventDate "2025.06.18"]

1. e4 e5 2. Nf3 Nc6 3. Bc4 Nf6 4. d3 Bc5 5. c3 a6 6. Nbd2 O-O 7. O-O d6 8.
a4 Ba7 9. h3 h6 10. Re1 Re8 11. b4 Be6 12. Bxe6 Rxe6 13. Rb1 Qd7 14. Qc2 b5
15. Ra1 Rd8 16. Nb3 Bb6 17. a5 Ba7 18. Be3 Bxe3 19. Rxe3 Nh5 20. Kh2 Ree8
21. d4 exd4 22. cxd4 Nxb4 23. Qc3 c5 24. dxc5 dxc5 25. Qxc5 Qd6+ 26. Qxd6
Rxd6 27. e5 Rd3 28. Rxd3 Nxd3 29. Rd1 Nb4 30. Rd4 Nc6 31. Rd6 Rc8 32. Nfd4
Nb4 33. e6 fxe6 34. Nxe6 Nf6 35. Nec5 Ne8 36. Rb6 Nc7 37. Rb7 Nc6 38. h4 h5
39. f3 Kh8 40. Kg3 Kg8 41. Rb6 Nb4 42. Rd6 Ne8 43. Rd7 Nf6 44. Rb7 Ne8 45.
Ne6 Nd5 46. Rd7 Ndc7 47. Nec5 Nf6 48. Rd6 Ra8 49. Rc6 Nfd5 50. Nd7 Ra7 51.
Ndc5 Ne7 52. Rb6 Kh7 53. Nd4 Ra8 54. Rd6 b4 55. Rd7 Ncd5 56. Rb7 Rc8 57.
Ndb3 Rc7 58. Rxc7 Nxc7 59. Kf4 Nc6 60. Kg5 g6 61. g4 hxg4 62. fxg4 Kg7 63.
Kf4 Kf7 64. Ke4 Ke7 65. Nd3 Kf6 66. g5+ Kg7 67. Ne5 Ne7 68. Kd4 Ne6+ 69.
Kc4 Nf5 70. Nf3 Kf8 71. Kxb4 Ke7 72. Nc5 Nc7 73. Kc4 Kd6 74. Ne4+ Ke6 75.
Kc5 Ne7 76. Nf6 Kf5 77. Kd6 1-0

[Event "2nd UzChess Cup Futures"]
[Site "Tashkent UZB"]
[Date "2025.06.21"]
[Round "3"]
[White "Atabayev,Saparmyrat"]
[Black "Nigmatov,Ortik"]
[Result "0-1"]
[WhiteElo "2517"]
[BlackElo "2474"]
[EventDate "2025.06.18"]

1. c4 e6 2. Nf3 d5 3. g3 Nf6 4. Bg2 dxc4 5. Qa4+ Bd7 6. Qxc4 c5 7. Ne5 Qc8
8. Qd3 Nc6 9. Nxd7 Nxd7 10. O-O Be7 11. Nc3 O-O 12. Qc2 Qc7 13. d3 Rac8 14.
Bf4 Qb6 15. Rac1 Rfd8 16. Rfd1 Nd4 17. Qb1 Nf6 18. Re1 h6 19. b3 Qa6 20.
Rcd1 b5 21. Bd2 b4 22. Na4 Nd5 23. e3 Nb5 24. Qc1 Nb6 25. Nxb6 Qxb6 26. Bf1
Bf6 27. Qc4 Na3 28. Qg4 Bc3 29. Re2 h5 30. Qg5 Rd5 31. Qf4 Rxd3 32. e4 Rcd8
33. Bxc3 Rxd1 34. Be5 f6 35. Bc7 Qb5 36. Qf3 Nc2 37. Kg2 Rxf1 38. Bxd8 Ne1+
39. Rxe1 Rxe1 0-1

[Event "2nd UzChess Cup Futures"]
[Site "Tashkent UZB"]
[Date "2025.06.21"]
[Round "3"]
[White "Ruck,R1"]
[Black "Chatalbashev,B"]
[Result "1/2-1/2"]
[WhiteElo "2515"]
[BlackElo "2489"]
[EventDate "2025.06.18"]

1. Nf3 c5 2. c4 g6 3. e4 Nc6 4. d4 cxd4 5. Nxd4 Nf6 6. Nc3 d6 7. Be2 Nxd4
8. Qxd4 Bg7 9. Be3 O-O 10. Qd2 a5 11. O-O a4 12. Bd4 Bd7 13. Rad1 Bc6 14.
Bd3 Qa5 15. Rfe1 Nd7 16. Bxg7 Kxg7 17. Re3 Rac8 18. Be2 Nf6 19. Qd4 Rfd8
20. Qd2 h5 21. h3 b6 22. Bf1 h4 23. Qe1 Qe5 24. Be2 e6 25. Qd2 g5 26. Rf1
Rg8 27. Rd1 Rgd8 28. Rf1 Rd7 29. Bd1 Ra8 30. Kh1 Ra5 31. Kg1 Ra8 32. Nd5 b5
33. Nxf6 Qxf6 34. cxb5 Bxb5 35. Rfe1 Rc8 36. Qb4 Rb7 37. e5 dxe5 38. Rxe5
Bc6 39. Qg4 Rb5 40. Rxb5 Bxb5 41. Qb4 Bc6 42. b3 axb3 43. Bxb3 Ba8 44. Qa5
Qd8 45. Qe5+ Qf6 46. f3 Qxe5 47. Rxe5 Kf6 48. Re2 Bb7 49. Kf2 Ba6 50. Rd2
Ke5 51. Rc2 Rxc2+ 52. Bxc2 Bc4 53. a4 Kd4 54. g3 e5 55. gxh4 gxh4 56. a5 f6
57. Bf5 Ba6 58. Bd7 Kc5 59. f4 exf4 60. Kf3 Kd6 61. Ba4 Ke5 62. Bd1 Bc8 63.
Be2 Bxh3 64. a6 Bc8 65. a7 Bb7+ 66. Kf2 Kd6 67. Bf3 Kc7 68. a8=Q Bxa8 69.
Bxa8 1/2-1/2

[Event "2nd UzChess Cup Futures"]
[Site "Tashkent UZB"]
[Date "2025.06.21"]
[Round "3"]
[White "Abdisalimov,Abdimalik"]
[Black "Pichot,A"]
[Result "0-1"]
[WhiteElo "2490"]
[BlackElo "2588"]
[EventDate "2025.06.18"]

1. e4 e5 2. Nf3 Nc6 3. Bb5 a6 4. Ba4 Nf6 5. O-O b5 6. Bb3 Bc5 7. a4 Rb8 8.
Nxe5 Nxe5 9. d4 Bxd4 10. Qxd4 d6 11. f3 c5 12. Qf2 h6 13. Rd1 O-O 14. Nc3
b4 15. Ne2 Be6 16. Bf4 Qe7 17. Bxe5 dxe5 18. Bxe6 fxe6 19. Qe3 c4 20. Rd2
Nd7 21. Ng3 Nc5 22. Qe2 c3 23. bxc3 b3 24. Qc4 Rfc8 25. Nf5 Qa7 26. Kh1 Kh7
27. Nd6 Rd8 28. cxb3 Nxb3 29. Qxe6 Nxa1 30. h4 Rf8 31. Qxe5 Rb1+ 32. Kh2
Nb3 33. Rd5 Rxf3 34. gxf3 Qf2+ 35. Kh3 Qxf3+ 0-1

[Event "2nd UzChess Cup Futures"]
[Site "Tashkent UZB"]
[Date "2025.06.22"]
[Round "4"]
[White "Saydaliev,Saidakbar"]
[Black "Pichot,A"]
[Result "1-0"]
[WhiteElo "2450"]
[BlackElo "2588"]
[EventDate "2025.06.18"]

1. Nf3 Nf6 2. g3 d5 3. Bg2 e6 4. c4 Be7 5. O-O O-O 6. d4 a5 7. Qc2 Nc6 8.
Bf4 Ne4 9. Rd1 g5 10. Be3 f5 11. Nc3 Bf6 12. Ne5 Ne7 13. f3 Nd6 14. b3 c6
15. Bf2 g4 16. fxg4 Ne4 17. Nxe4 fxe4 18. Be3 Ng6 19. Nxg6 hxg6 20. Qd2 Bd7
21. Bf4 Qe7 22. g5 Bg7 23. e3 Rfd8 24. Rac1 Be8 25. c5 e5 26. dxe5 Bxe5 27.
h4 Bg7 28. Kh2 Bd7 29. Qe2 Be6 30. a4 Bf7 31. Rf1 Rd7 32. Bh3 Be6 33. h5
Bxh3 34. Kxh3 Qe6+ 35. Qg4 Qxg4+ 36. Kxg4 gxh5+ 37. Kxh5 d4 38. exd4 Rxd4
39. Rfe1 Re8 40. Re3 Re6 41. Bd6 Kf7 42. Rf1+ Ke8 43. Kg4 b5 44. Kf5 Kf7
45. axb5 cxb5 46. Rc1 Rd5+ 47. Kf4 Ke8 48. Rxe4 Rxe4+ 49. Kxe4 Rxg5 50. c6
Kd8 51. Be7+ Kxe7 52. c7 1-0

[Event "2nd UzChess Cup Futures"]
[Site "Tashkent UZB"]
[Date "2025.06.22"]
[Round "4"]
[White "Chatalbashev,B"]
[Black "Abdisalimov,Abdimalik"]
[Result "1-0"]
[WhiteElo "2489"]
[BlackElo "2490"]
[EventDate "2025.06.18"]

1. c4 c5 2. Nf3 Nf6 3. Nc3 e6 4. g3 b6 5. Bg2 Bb7 6. O-O Be7 7. Re1 d6 8.
e4 a6 9. d4 cxd4 10. Nxd4 Qc7 11. Be3 O-O 12. Rc1 Nbd7 13. f4 Rfe8 14. g4
Nc5 15. Bf2 g6 16. f5 exf5 17. gxf5 Bf8 18. Nd5 Bxd5 19. cxd5 Qd7 20. Qc2
Bh6 21. Rcd1 Ng4 22. b4 Nxf2 23. Qxf2 Na4 24. Qh4 Bf8 25. Rd3 Qe7 26. f6
Qe5 27. Nc6 Qb2 28. Rh3 h6 29. e5 Rxe5 30. Nxe5 dxe5 31. d6 Rd8 32. Bd5
Rxd6 33. Bb3 b5 34. Rg3 Nc3 35. Rxg6+ Kh7 36. Rg2 Rd2 37. Rxd2 Qxd2 38. Kh1
Qd6 39. Qg3 Qc6+ 40. Kg1 Qb6+ 41. Kg2 Qc6+ 42. Qf3 Qxf3+ 43. Kxf3 e4+ 44.
Kf4 Bxb4 45. Kf5 Bc5 46. Bxf7 b4 47. Bg6+ Kg8 48. Ke6 Bf2 49. Rc1 e3 50.
Bd3 a5 51. a3 e2 52. Bxe2 Nxe2 53. f7+ Kg7 54. Ke7 1-0

[Event "2nd UzChess Cup Futures"]
[Site "Tashkent UZB"]
[Date "2025.06.22"]
[Round "4"]
[White "Nigmatov,Ortik"]
[Black "Ruck,R1"]
[Result "1-0"]
[WhiteElo "2474"]
[BlackElo "2515"]
[EventDate "2025.06.18"]

1. e4 c6 2. d4 d5 3. e5 Bf5 4. Nf3 e6 5. Be2 Ne7 6. O-O h6 7. Nbd2 Bh7 8.
Nb3 Ng6 9. g3 Be7 10. h4 Nf8 11. Ne1 Nfd7 12. Bd3 c5 13. Qg4 Kf8 14. Bxh7
Rxh7 15. c3 h5 16. Qe2 Nc6 17. Nf3 c4 18. Nbd2 g6 19. b3 b5 20. a4 a6 21.
Nb1 Kg7 22. Ng5 Rh8 23. bxc4 bxc4 24. Qf3 Rf8 25. Be3 Rb8 26. Nd2 Qc8 27.
Kg2 Rb2 28. Rab1 Rc2 29. Rfc1 Ra2 30. Qf4 Nd8 31. Ndf3 Rh8 32. g4 Rxa4 33.
Nh3 Kf8 34. Nfg5 hxg4 35. Qxg4 Ke8 36. Nf4 Nf8 37. Rb6 Ra3 38. Kg3 Rb3 39.
Nxd5 Qd7 40. Rd6 Qb7 41. Nxe7 Qxe7 42. Ne4 Nh7 43. Ra1 Kf8 44. Bh6+ Ke8 45.
Bg7 f5 46. Qxg6+ 1-0

[Event "2nd UzChess Cup Futures"]
[Site "Tashkent UZB"]
[Date "2025.06.22"]
[Round "4"]
[White "Alekseev,Evgeny"]
[Black "Atabayev,Saparmyrat"]
[Result "1/2-1/2"]
[WhiteElo "2520"]
[BlackElo "2517"]
[EventDate "2025.06.18"]

1. e4 e5 2. Nf3 Nc6 3. Bc4 Nf6 4. d3 Be7 5. O-O O-O 6. a4 d6 7. c3 Be6 8.
Nbd2 Qd7 9. Re1 Rfe8 10. Bxe6 Qxe6 11. b4 a6 12. Qb3 Nd7 13. Qxe6 fxe6 14.
Nb3 d5 15. Bd2 b5 16. Kf1 Bd6 17. Reb1 Nf6 18. Re1 Nd7 19. Reb1 Nf6 20. Re1
Nd7 21. Reb1 Nf6 1/2-1/2

[Event "2nd UzChess Cup Futures"]
[Site "Tashkent UZB"]
[Date "2025.06.22"]
[Round "4"]
[White "Begmuratov,Khumoyun"]
[Black "Sychev,K"]
[Result "1/2-1/2"]
[WhiteElo "2470"]
[BlackElo "2513"]
[EventDate "2025.06.18"]

1. e4 e6 2. d4 d5 3. Nc3 Nf6 4. e5 Nfd7 5. f4 c5 6. Nf3 Nc6 7. Be3 cxd4 8.
Nxd4 Qb6 9. Na4 Qa5+ 10. Nc3 Qb6 11. Qd2 Qxb2 12. Rb1 Qa3 13. Bb5 Nxd4 14.
Bxd4 a6 15. Bxd7+ Bxd7 16. Rb3 Qe7 17. Rxb7 Qh4+ 18. g3 Qd8 19. O-O Qc8 20.
Rb3 Qc4 21. Nd1 Bc5 22. c3 O-O 23. Ne3 Bxd4 24. cxd4 Qc7 25. f5 exf5 26.
Nxd5 Qd8 27. Rb6 Re8 28. Rd6 Re6 29. Rc1 Rxd6 30. exd6 h6 31. Qe1 Rb8 32.
Qe7 Qa5 33. Qxd7 Qxd5 34. Rc8+ Kh7 35. Rxb8 Qxd4+ 36. Kg2 Qe4+ 37. Kf1 Qc4+
38. Kf2 Qc2+ 39. Ke3 Qc3+ 40. Ke2 Qc2+ 41. Ke1 Qc1+ 42. Ke2 Qc2+ 43. Ke3
Qc3+ 1/2-1/2

[Event "2nd UzChess Cup Futures"]
[Site "Tashkent UZB"]
[Date "2025.06.23"]
[Round "5"]
[White "Sychev,K"]
[Black "Saydaliev,Saidakbar"]
[Result "1-0"]
[WhiteElo "2513"]
[BlackElo "2450"]
[EventDate "2025.06.18"]

1. d4 Nf6 2. c4 e6 3. Nf3 d5 4. Nc3 dxc4 5. e4 Bb4 6. Bg5 h6 7. Bxf6 Qxf6
8. Bxc4 c5 9. O-O cxd4 10. e5 Qd8 11. Ne4 O-O 12. Nxd4 Nc6 13. Nxc6 bxc6
14. Qe2 Qd4 15. Ng3 Qh4 16. Rad1 Rb8 17. f4 Rd8 18. Ne4 Rxd1 19. Qxd1 Ba5
20. b3 Qd8 21. Nd6 Bb4 22. Qd3 Bxd6 23. exd6 Qb6+ 24. Kh1 Bd7 25. a4 Rd8
26. Rd1 Qf2 27. Qe4 c5 28. h3 Kh8 29. Bb5 f5 30. Qc4 Qe3 31. Bxd7 Rxd7 32.
Qb5 Rd8 33. d7 Kh7 34. a5 h5 35. a6 h4 36. Qc4 Kg6 37. Qb5 Kf7 38. Qa5 Ke7
39. Qc7 Qxb3 40. Qxc5+ Kf7 41. Qd6 Qe3 42. Qc7 Ke7 43. Qd6+ Kf7 44. Rd3 Qe4
45. Kh2 Qe2 46. Rc3 Qe1 47. Qd4 Kg6 48. Rd3 Qe4 49. Qd6 Kh5 50. Rf3 Kg6 51.
Qe7 Qa8 52. Qxe6+ Kh7 53. Qxf5+ Kg8 54. Rc3 1-0

[Event "2nd UzChess Cup Futures"]
[Site "Tashkent UZB"]
[Date "2025.06.23"]
[Round "5"]
[White "Atabayev,Saparmyrat"]
[Black "Begmuratov,Khumoyun"]
[Result "1/2-1/2"]
[WhiteElo "2517"]
[BlackElo "2470"]
[EventDate "2025.06.18"]

1. d4 d5 2. c4 e6 3. Nf3 Nf6 4. Nc3 h6 5. g3 Be7 6. Bg2 O-O 7. O-O c6 8.
Nd2 b6 9. cxd5 cxd5 10. e4 Nc6 11. e5 Nd7 12. Nb3 Ba6 13. Re1 Rc8 14. f4
Bc4 15. Be3 b5 16. f5 exf5 17. Nxd5 Bxd5 18. Bxd5 Nb4 19. Bf3 Nc2 20. Bf2
Nxa1 21. Qxa1 Re8 22. Qb1 g6 23. Qd3 Bb4 24. Rd1 a6 25. g4 fxg4 26. Bxg4
Rc4 27. Bf3 Nb6 28. a3 Bf8 29. Re1 Bg7 30. Bg3 h5 31. h4 a5 32. Rd1 a4 33.
Na5 Rc8 34. Qxb5 Qd7 35. Qxd7 Nxd7 36. Bc6 Re7 37. Bxa4 Nb6 38. Bb5 Rec7
39. Bd3 Na4 40. Rd2 Bh6 41. Re2 Rc1+ 42. Kg2 Rd1 43. Bb5 Nb6 44. Nc6 Nd5
45. Kf3 Kg7 46. Ke4 Nc7 47. a4 Re8 48. Kf3 Nxb5 49. axb5 Rd3+ 50. Kg2 Rb3
51. d5 Rxb5 52. d6 Rd5 53. b4 g5 54. b5 gxh4 55. Bxh4 Rxd6 56. exd6 Rxe2+
57. Kf3 Re3+ 58. Kf2 Rd3 59. Be7 Bf4 60. b6 Rb3 61. d7 Be3+ 62. Ke2 Bxb6
63. Bd8 Rb2+ 64. Kd3 Rb3+ 65. Ke2 Rb2+ 66. Kd3 Rb1 67. Ke2 Rb2+ 68. Kd3
Bxd8 69. Nxd8 Rb5 70. Ke4 Rb4+ 71. Ke3 Rb3+ 72. Ke2 Rb2+ 73. Ke3 Rb3+
1/2-1/2

[Event "2nd UzChess Cup Futures"]
[Site "Tashkent UZB"]
[Date "2025.06.23"]
[Round "5"]
[White "Ruck,R1"]
[Black "Alekseev,Evgeny"]
[Result "1/2-1/2"]
[WhiteElo "2515"]
[BlackElo "2520"]
[EventDate "2025.06.18"]

1. Nf3 d5 2. g3 g6 3. Bg2 Bg7 4. d4 Nf6 5. O-O O-O 6. c4 c6 7. cxd5 cxd5 8.
Ne5 e6 9. Nc3 Nfd7 10. Nf3 Nf6 11. Bf4 Nc6 12. Rc1 Bd7 13. Bd6 Re8 14. e3
Qa5 15. Nd2 Qa6 16. Ba3 Na5 17. Qe2 Qxe2 18. Nxe2 Bb5 19. Rfe1 Rac8 20.
Rxc8 Rxc8 21. Rc1 Rxc1+ 22. Nxc1 Bf8 23. Bxf8 Kxf8 24. b3 Ke7 25. Bf1 Bxf1
26. Kxf1 Ne8 27. Nd3 Nc6 28. Ke2 Nd6 29. Nb1 b6 30. f3 f6 31. Ke1 1/2-1/2

[Event "2nd UzChess Cup Futures"]
[Site "Tashkent UZB"]
[Date "2025.06.23"]
[Round "5"]
[White "Abdisalimov,Abdimalik"]
[Black "Nigmatov,Ortik"]
[Result "1-0"]
[WhiteElo "2490"]
[BlackElo "2474"]
[EventDate "2025.06.18"]

1. Nf3 d5 2. c4 e6 3. b3 Nf6 4. Bb2 Be7 5. g3 O-O 6. Bg2 b6 7. O-O Bb7 8.
cxd5 exd5 9. e3 Nbd7 10. Nc3 Ne4 11. Ne2 Bf6 12. Bxf6 Qxf6 13. Rc1 c5 14.
d3 Nd6 15. d4 c4 16. Nd2 b5 17. a4 cxb3 18. axb5 b2 19. Rb1 Nxb5 20. Qb3
Nd6 21. Nf4 Rab8 22. Qa2 Nc4 23. Nxc4 dxc4 24. Rxb2 Bxg2 25. Rxb8 Rxb8 26.
Nxg2 Qc6 27. Rc1 c3 28. Nf4 Rb2 29. Qa5 Qf3 30. Rf1 c2 31. Qc3 Ra2 32. Nd3
Qd1 33. Nb4 Ra4 34. Nxc2 Qg4 35. Qc8+ 1-0

[Event "2nd UzChess Cup Futures"]
[Site "Tashkent UZB"]
[Date "2025.06.23"]
[Round "5"]
[White "Pichot,A"]
[Black "Chatalbashev,B"]
[Result "1/2-1/2"]
[WhiteElo "2588"]
[BlackElo "2489"]
[EventDate "2025.06.18"]

1. e4 c5 2. Nf3 Nc6 3. Bb5 g6 4. O-O Bg7 5. Re1 Nf6 6. Bxc6 dxc6 7. h3 Nd7
8. e5 Nf8 9. Nc3 Ne6 10. d3 O-O 11. Ne4 b6 12. a4 a5 13. b3 Ra7 14. Bb2 Nd4
15. Ned2 Be6 16. Nc4 Bd5 17. Bxd4 cxd4 18. Nxd4 Bxg2 19. Kxg2 Qxd4 20. Re4
Qd8 21. Qd2 f5 22. exf6 exf6 23. Rae1 f5 24. Re6 f4 25. f3 Qg5+ 26. Kf1 Qd5
27. R6e4 b5 28. Qf2 Qd7 29. Ne5 Qxh3+ 30. Qg2 Qc8 31. Qg4 Re7 32. d4 Qxg4
33. fxg4 Rfe8 34. g5 c5 35. Rxf4 cxd4 36. Nf3 Rxe1+ 37. Nxe1 bxa4 38. bxa4
Rc8 39. Re4 Kf7 40. Rf4+ Ke6 41. Re4+ Kf5 42. Re7 Bf8 43. Rxh7 Bb4 44. Rb7
Rf8 45. Nd3 Kxg5+ 46. Ke2 Bc3 47. Rb5+ Kh4 48. Ne5 Rf6 49. Kd3 Kg3 50. Rb7
Kf4 51. Nf7 g5 52. Rb1 Kf5 53. Rb5+ Ke6 54. Nxg5+ Kd7 55. Ne4 Rf3+ 56. Kc4
Bb4 57. Nc5+ Bxc5 58. Rxc5 Ra3 59. Kb5 Kd6 60. Rc6+ Kd5 61. Rc8 Rc3 62.
Rxc3 dxc3 63. Kxa5 Kc5 64. Ka6 Kb4 65. a5 Ka3 66. Kb5 Kb2 67. a6 Kxc2 68.
a7 Kb1 69. a8=Q c2 70. Qe4 Kb2 71. Qb4+ Ka2 72. Qd2 Kb1 73. Qd3 Kb2 74. Qe2
Ka1 75. Qc4 Kb2 76. Qe2 Ka1 77. Qxc2 1/2-1/2